000
00319nam a2200133Ia 4500
003
GCL
008
140319s9999 xx 000 0 ara d
040
_a
GCL /
_c
GCL
082
0
4
_a
811.5
_b
h ]
245
1
0
_a
ديوان سبط بين التعاويذ
260
_a
[S.N] :
_b
دار صادر
300
_a
500 ص
490
_a
999
_c
31553
_d
31553